banner-ar

MODERN APPLIED ECONOMICS: A PROBLEM- ORIENTED APPROACH TO ECONOMIC THEORY / (Record no. 20103)

MARC details
000 -الفاتح
حقل البيانات ثابتة الطول 00474nam a2200169Ia 4500
008 - عناصر البيانات ثابتة الطول - معلومات عامة
حقل البيانات ثابتة الطول 140319s9999 xx 000 0 eng d
040 ## - مصدر الفهرسة
وكالة الفهرسة الأصلية GCL /
وكالة النسخ GCL
082 04 - رقم تصنيف ديوى العشرى
رقم التصنيف 330
رقم المادة H M
100 1# - المدخل الرئيسى - إسم شخصى
الإسم الشخصى HEATHER, KEN
245 10 - بيان العنوان
العنوان MODERN APPLIED ECONOMICS: A PROBLEM- ORIENTED APPROACH TO ECONOMIC THEORY /
بيان المسئوليه,etc HEATHER, KEN
260 ## - PUBLICATION, DISTRIBUTION, ETC. (IMPRINT)
تاريخ النشر أو التوزيع 1994
300 ## - الوصف المادى
التعداد 436 P
650 04 - المدخل الاضافى بالموضوع-مصطلح موضوعى
مصطلح موضوعي ECONOMICS
650 04 - المدخل الاضافى بالموضوع-مصطلح موضوعى
مصطلح موضوعي ECONOMIC REFORM
942 ## - عناصر المدخل الإضافي( كوها)
مصدر التصنيف او مخطط الترفيف Dewey Decimal Classification
Koha [default] item type كتاب
260 ## - PUBLICATION, DISTRIBUTION, ETC. (IMPRINT)
-- [S.N] :
-- HARVESTER WHEATSHEAF ،
Holdings
حالة التراجع حالة الفقد حالة تلف ليس للاعارة المكان المؤقت الموقع الحالى تاريخ الاكتساب اجمالي اﻻعارات رقم الطلب الباركود تاريخ اخر مشاهدة تاريخ تفعيل السعر نوع وعاء كوها
        مكتبة القاهرة الكبرى مكتبة القاهرة الكبرى 03/26/2014   330\H M 37913 03/26/2014 03/26/2014 كتاب

Powered By

EGPV